000 00298nam a22001337a 4500
008 171010b xxu||||| |||| 00| 0 eng d
020 _a9780813326283
041 _aeng
080 _a316
100 _a50
101 _aSOC
245 _aTHE CHALLENGE OF LOCAL FEMINISM
_cBASU, A
942 _2udc
_cBK
999 _c32724
_d32724